[Event "Let's Play Chess!"]
[Site "http://www.queenalice.com/game.php?id=1860333"]
[Date "2025.7.25"]
[Round "-"]
[White "zubarev"]
[Black "Charles56"]
[Result "0-1"]
[WhiteElo "1706"]
[BlackElo "1815"]

1. e4 e5 2. f4 exf4 3. Nf3 g5 4. Be2 d6 5. O-O h5 6. Bc4 Bg4 7. Be2 Nc6 8. Nc3
Bd7 9. d4 Bh6 10. e5 dxe5 11. Nxe5 Nxe5 12. dxe5 Qe7 13. Re1 Bc6 14. Nd5 Qc5+
15. Kh1 Bxd5 16. Bd2 g4 17. Bc3 O-O-O 18. Qb1 f3 0-1

[Event "Let's Play Chess!"]
[Site "http://www.queenalice.com/game.php?id=1860545"]
[Date "2025.7.25"]
[Round "-"]
[White "igor12345"]
[Black "zubarev"]
[Result "1-0"]
[WhiteElo "2037"]
[BlackElo "1816"]

1. e4 e5 2. f4 d6 3. Nf3 Nc6 4. Bb5 Bd7 5. O-O Be7 6. d3 Nd4 7. Bxd7+ Qxd7 8. f5
f6 9. Nxd4 exd4 10. b3 Nh6 11. Qh5+ Nf7 12. Bb2 c5 13. Nd2 O-O 14. h4 Nh8 15. c3
b5 16. c4 bxc4 17. Nxc4 Qe8 18. Qg4 a5 19. Kf2 a4 20. Nb6 Qb5 21. Nxa8 Rxa8 22.
Qe2 Nf7 23. bxa4 Rxa4 24. a3 Ne5 25. Rfd1 Nc6 26. Rdb1 Qa5 27. Qc2 Na7 28. Bc1
Qa6 29. Rb3 Nb5 30. Rab1 Nc3 31. Rb8+ Kf7 32. Qb3+ c4 33. dxc4 Rxc4 34. Rb6 Qa4
35. Qxa4 Rxa4 36. R1b4 Rxb4 37. Rxb4 Nxe4+ 38. Kf3 d5 39. Rxd4 Nc3 40. Bb2 Nb5
41. Rxd5 Nxa3 42. Bxa3 Bd6 43. Bxd6 g6 44. fxg6+ Ke6 45. gxh7 Kf7 46. h8=Q Ke6
47. Qg8+ Kd7 48. Bf4+ 1-0

[Event "Let's Play Chess!"]
[Site "http://www.queenalice.com/game.php?id=1860546"]
[Date "2025.7.25"]
[Round "-"]
[White "zubarev"]
[Black "igor12345"]
[Result "0-1"]
[WhiteElo "1832"]
[BlackElo "2021"]

1. e4 c5 2. Nf3 d6 3. Bc4 Nf6 4. Nc3 Bg4 5. O-O a6 6. Be2 e6 7. d3 Be7 8. Bg5 h6
9. Bh4 g5 10. Bg3 Nc6 11. h3 Bh5 12. Nh2 Bg6 13. f4 Nd4 14. f5 Nxe2+ 15. Nxe2
Bh5 16. Qe1 exf5 17. Rxf5 Bg6 18. Nc3 Bxf5 19. exf5 O-O 20. Ne4 Kg7 21. Qe2 Re8
22. Ng4 Nh5 23. Bh2 Nf6 24. Ngxf6 Bxf6 25. Qf3 d5 26. Nxc5 b6 27. Na4 Rc8 28.
Nc3 Rc5 29. Kh1 Be5 30. Bxe5+ Rxe5 31. d4 Rxc3 32. bxc3 Re4 33. Rf1 f6 34. Qh5
Qe8 35. Qf3 Qb5 36. Kg1 Qe2 37. Qxe2 Rxe2 38. Rf2 Re1+ 39. Kh2 Ra1 40. Re2 Rxa2
41. Re4 dxe4 42. d5 Rxc2 43. d6 Rd2 44. d7 Rxd7 45. c4 a5 46. Kg1 a4 47. Kh2 a3
0-1

[Event "Let's Play Chess!"]
[Site "http://www.queenalice.com/game.php?id=1860550"]
[Date "2025.7.26"]
[Round "-"]
[White "igor12345"]
[Black "zubarev"]
[Result "1-0"]
[WhiteElo "1970"]
[BlackElo "1892"]

1. e4 e5 2. f4 Nc6 3. Nf3 d6 4. Bb5 Bd7 5. Nc3 Nf6 6. O-O Be7 7. f5 O-O 8. d3
Nd4 9. Bxd7 Qxd7 10. a4 c5 11. Ne2 b5 12. Nfxd4 cxd4 13. Bd2 a6 14. a5 Rac8 15.
h3 d5 16. exd5 Nxd5 17. Ng3 Bc5 18. Ne4 Ne3 19. Nxc5 Rxc5 20. Bxe3 dxe3 21. Rc1
Qd4 22. Qe2 b4 23. f6 g6 24. Qe1 Kh8 25. Rf3 Rxa5 26. Rxe3 Qf4 27. Rf3 Qd4+ 28.
Re3 Qxb2 29. Re4 Rc5 30. Qd2 a5 31. Qh6 Rg8 32. Re2 a4 33. Ree1 Rxc2 34. Rxc2
Qxc2 35. Rc1 Qxd3 36. Rc8 Qd4+ 37. Kh1 1-0

[Event "Let's Play Chess!"]
[Site "http://www.queenalice.com/game.php?id=1860551"]
[Date "2025.7.26"]
[Round "-"]
[White "zubarev"]
[Black "igor12345"]
[Result "0-1"]
[WhiteElo "1871"]
[BlackElo "2005"]

1. c4 e5 2. e4 Nf6 3. Nc3 Nc6 4. d3 a6 5. Nf3 Bc5 6. Bg5 h6 7. Be3 b6 8. Nxe5
Bxe3 9. Nxc6 Bxf2+ 10. Kxf2 dxc6 11. Be2 Qd4+ 12. Kf1 Bb7 13. Bf3 Rd8 14. Be2
O-O 15. Qc2 b5 16. Rd1 bxc4 17. Qd2 a5 18. Qf4 cxd3 19. Rxd3 Qb6 20. Rg3 Kh8 21.
e5 Nd5 22. Nxd5 cxd5 23. Qg4 Rg8 24. Bd3 Ba6 25. Qf5 Bxd3+ 26. Rxd3 Qe6 27. Qf4
c5 28. b3 Rge8 29. Re3 d4 30. Re1 c4 31. Kf2 cxb3 32. axb3 Qxb3 33. Rb1 Qc2+ 34.
Kg3 Qc3+ 35. Kf2 d3 36. Rbd1 Qxe5 37. Qxe5 Rxe5 38. Rxd3 Rxd3 39. Rd1 Rxd1 40.
g3 Rd3 41. h3 Rb5 42. Kg2 Rb2+ 43. Kg1 Rd1# 0-1

[Event "Let's Play Chess!"]
[Site "http://www.queenalice.com/game.php?id=1860603"]
[Date "2025.7.28"]
[Round "-"]
[White "igor12345"]
[Black "zubarev"]
[Result "1-0"]
[WhiteElo "1956"]
[BlackElo "1906"]

1. e4 e5 2. f4 Nc6 3. Nf3 Be7 4. Bb5 d6 5. fxe5 Bd7 6. exd6 Bxd6 7. d3 Nge7 8.
Bg5 O-O 9. O-O h6 10. Be3 Ne5 11. a4 c6 12. Nxe5 Bxe5 13. d4 cxb5 14. dxe5 bxa4
15. Bc5 b6 16. Bd6 Re8 17. Nc3 Nc6 18. Nd5 Rc8 19. Qh5 Be6 20. Rxa4 Na5 21. Ne3
b5 22. Rb4 a6 23. Qe2 Rc6 24. Rd4 Qb8 25. Bxb8 1-0

[Event "Let's Play Chess!"]
[Site "http://www.queenalice.com/game.php?id=1860604"]
[Date "2025.7.28"]
[Round "-"]
[White "zubarev"]
[Black "igor12345"]
[Result "0-1"]
[WhiteElo "1883"]
[BlackElo "1993"]

1. c4 e5 2. Nc3 Nf6 3. e4 Bc5 4. d3 a6 5. Nf3 d6 6. Be2 h6 7. O-O Nbd7 8. Be3
O-O 9. Nd5 c6 10. Nxf6+ Qxf6 11. Rc1 Qe7 12. Nd2 f5 13. Nf3 f4 14. Bxc5 Nxc5 15.
Qc2 a5 16. b3 Be6 17. d4 Nd7 18. d5 cxd5 19. cxd5 Bf7 20. Qc7 Rfb8 21. Bb5 Be8
22. Qc3 Rc8 23. Qd3 Nc5 24. Qe2 Qd8 25. Bc4 Rab8 26. Nd2 b5 27. Bd3 Qb6 28. Bb1
Rc7 29. Kh1 Rbc8 30. Nf3 Nd7 31. Rxc7 Rxc7 32. Qxb5 Qxb5 33. Rc1 Rxc1+ 34. Ng1
Qf1 35. h3 Qxg1# 0-1

[Event "te amo Vera "]
[Site "http://www.queenalice.com/game.php?id=1860605"]
[Date "2025.7.27"]
[Round "-"]
[White "zubarev"]
[Black "josebaron"]
[Result "1/2-1/2"]
[WhiteElo "1907"]
[BlackElo "2199"]

1. e4 e5 2. Nf3 Nc6 3. Nc3 Nf6 4. d3 Bb4 5. Bd2 O-O 6. Nd5 Bxd2+ 7. Qxd2 d6 8.
Be2 Nxd5 9. exd5 Ne7 10. O-O Nxd5 11. c4 Nf6 12. Rac1 c5 13. Ne1 Be6 14. f4 exf4
15. Qxf4 d5 16. Nf3 Re8 17. Rfe1 dxc4 18. dxc4 Qa5 19. a3 Bg4 20. Ne5 Bxe2 21.
Rxe2 Re6 22. Rce1 Rae8 1/2-1/2

[Event "Hbf to Linz Hbf (ÖBB, Austria)"]
[Site "http://www.queenalice.com/game.php?id=1860606"]
[Date "2025.7.29"]
[Round "-"]
[White "WoodpusherKid"]
[Black "zubarev"]
[Result "1-0"]
[WhiteElo "2418"]
[BlackElo "1683"]

1. g3 e5 2. c4 Nf6 3. d3 Be7 4. Bg2 d6 5. Nf3 Nc6 6. O-O O-O 7. Nc3 Be6 8. b3 d5
9. Ng5 Qd7 10. cxd5 Nxd5 11. Nxf7 Bxf7 12. Bb2 Nxc3 13. Bxc3 Bf6 14. Be4 Nd4 15.
Bxb7 Rab8 16. Be4 Bg6 17. Bxg6 hxg6 18. e3 Nf5 19. Qg4 Qxd3 20. Qxg6 Rb6 21.
Rac1 Qd7 22. Ba5 Rb7 23. Qg4 Rf7 24. Rfd1 Nd6 25. Qxd7 Rxd7 26. Bxc7 Rdxc7 27.
Rxc7 Rxc7 28. Rxd6 1-0

[Event "Dr. Márcio Fernandes"]
[Site "http://www.queenalice.com/game.php?id=1860902"]
[Date "2025.8.3"]
[Round "-"]
[White "zubarev"]
[Black "josebaron"]
[Result "0-1"]
[WhiteElo "1654"]
[BlackElo "2179"]

1. d4 d5 2. Nc3 Nf6 3. Nf3 Nc6 4. e3 Bg4 5. Be2 e6 6. O-O Be7 7. Ne5 Nxe5 8.
dxe5 Bxe2 9. Qxe2 Nd7 10. f4 O-O 11. Bd2 c6 12. Qg4 f5 13. exf6 Rxf6 14. Rae1
Nc5 15. Rf3 Ne4 16. Nxe4 dxe4 0-1

[Event "Let's Play Chess!"]
[Site "http://www.queenalice.com/game.php?id=1860974"]
[Date "2025.8.3"]
[Round "-"]
[White "igor12345"]
[Black "zubarev"]
[Result "1-0"]
[WhiteElo "1987"]
[BlackElo "1860"]

1. e4 c5 2. Nf3 Nc6 3. Nc3 e5 4. a3 Be7 5. Nd5 Nf6 6. Nxe7 Qxe7 7. d3 Nd4 8. c3
Ne6 9. Nxe5 O-O 10. Nf3 b6 11. Be2 Bb7 12. c4 d6 13. O-O Nd4 14. Nxd4 cxd4 15.
b3 Nd7 16. Bb2 f5 17. exf5 Qe5 18. Bf3 Qe1 19. Rxe1 Be4 20. Bxe4 Rxf5 21. Bxf5
Rc8 22. Bxd7 Kf8 23. Bxc8 Kf7 24. Qf3+ Kg8 25. Re8# 1-0

[Event "Let's Play Chess!"]
[Site "http://www.queenalice.com/game.php?id=1860975"]
[Date "2025.8.3"]
[Round "-"]
[White "zubarev"]
[Black "igor12345"]
[Result "0-1"]
[WhiteElo "1785"]
[BlackElo "2068"]

1. d4 d5 2. Nc3 Nf6 3. e3 Bg4 4. Be2 Bd7 5. Nf3 e6 6. Ne5 Bd6 7. O-O Nc6 8. f4
O-O 9. Bd2 Ne8 10. Bf3 f6 11. Nxc6 Bxc6 12. a3 a6 13. e4 dxe4 14. Nxe4 Be7 15.
c3 Qd7 16. Qc2 b6 17. Ng3 Bxf3 18. Rxf3 f5 19. Nxf5 exf5 20. Qxf5 Qxf5 21. Rg3
c5 22. Rxg7+ Kxg7 23. Be1 Qxf4 24. Bd2 Qf2+ 25. Kh1 Qf1+ 0-1